|
|
|
|
| LEADER |
00000nam a2200000 a 4500 |
| 001 |
vtls001361120 |
| 003 |
SK-MaSNL |
| 005 |
20260301115048.0 |
| 008 |
240314s1987 xr 0 cze |
| 035 |
|
|
|a SNK000314691
|
| 040 |
|
|
|a SNK
|b slo
|c SNK
|e AACR2
|
| 041 |
0 |
|
|a cze
|
| 044 |
|
|
|a CZ
|
| 080 |
|
|
|a 621.3:65.012.4(075.8)
|2 1981
|
| 080 |
|
|
|a 621.3:658(075.8)
|2 1981
|
| 100 |
1 |
|
|a Lucyk, Václav
|4 aut
|9 459461
|
| 245 |
1 |
0 |
|a Vybrané kapitoly z ekonomiky a řízení elektrotechnického průmyslu
|c Václav Lucyk a kol.
|
| 260 |
|
|
|a Praha
|b VŠE
|c 1987
|
| 300 |
|
|
|a 104 s.
|c 4°
|
| 650 |
0 |
7 |
|a priemysel elektrotechnický
|x ekonomika
|x riadenie
|x učebnice vysokoškolské
|2 SNK
|9 459462
|
| 958 |
|
|
|a RK
|
| 958 |
|
|
|a OND
|
| 999 |
|
|
|c 720821
|d 722751
|
| 952 |
|
|
|t P60, <04>, [BOOK], {604}
|a SNK
|b SNK
|y VYP
|7 0
|o snkIB 60536
|i snkKIP 8235/88
|0 0
|1 0
|4 0
|d 1999-04-21
|l 0
|r 2005-01-02 00:00:00
|w 2026-02-23
|
| 952 |
|
|
|t P60, <04>, [BOOK], {604}
|a SNK
|b SNK
|y VYP
|7 0
|o snkIB 60536 D1
|i snkKIP 8236/88
|0 0
|1 0
|4 0
|d 1999-04-21
|l 0
|r 2005-01-02 00:00:00
|w 2026-02-23
|